000 01024cab a2200373 4500
001 WB2832-27
008 090401t1992 xxu||||| |||| 00| 0 eng d
035 _a(Sirsi) u76335
041 _aeng
245 _aWinners in the leasing game
260 _c1992
350 _a0
490 _aFinancial Times
_v21 August 1992, 8(2)
520 _aDespite the trend to harmonisation embodied in the Single European Market, the various EC countries display a wide diversity of commercial leasing arrangements.
650 _aBELGIUM
650 _aCOMPARISON
650 _aEUROPE
650 _aFRANCE
650 _aGERMANY
650 _aINDEXATION
650 _aITALY
650 _aLEASES
650 _aNETHERLANDS
650 _aOCCUPANCY COSTS
650 _aRENT REVIEWS
650 _aSECURITY OF TENURE
650 _aSPAIN
650 _aSWEDEN
650 _aUNITED STATES
690 _aEUROPE-SINGLE MARKET
690 _aLANDLORD AND TENANT-BUSINESS TENANCIES
942 _n0
948 _c04/03/1997
999 _c48031
_d48031